|
|
|
|
| LEADER |
00000nab a2200000 a 4500 |
| 001 |
vtls000771430 |
| 003 |
SK-MaSNL |
| 005 |
20260304130952.0 |
| 008 |
250429c2001 xo 0 slo |
| 015 |
|
|
|a SNBRB2001/11-31582
|
| 035 |
|
|
|a CLN000123217
|
| 035 |
|
|
|a urn:nbn:sk:snk-ab6z4j
|
| 035 |
|
|
|a (uuid)c9c3f9b8-1c20-4563-a2e9-4ea474ee9eef
|
| 035 |
|
|
|a (urnnbn)urn:nbn:sk:snk:ar-a06c42
|
| 035 |
|
|
|a (sysno)vtls000771430
|
| 040 |
|
|
|a SNKBUCL
|b slo
|c SNKBUCL
|e AACR2
|
| 041 |
0 |
|
|a eng
|
| 044 |
|
|
|a xo
|c SK
|
| 080 |
|
|
|a 616.34-006-089
|2 1997
|
| 080 |
|
|
|a 615.277
|2 1997
|
| 100 |
1 |
|
|a Melen-Mucha, G.
|4 aut
|9 1441765
|
| 245 |
1 |
0 |
|a Effects of short term treatment with pentagastrin, proglumide, tamoxifen given separately or together with 5-fluorouracil on the growth in the murine transplantable Colon 38 cancer
|c G. Meleň-Mucha
|
| 300 |
|
|
|b Graf
|
| 500 |
|
|
|a Grant from Medical University of Lodž, Poland, No. 502-11-329
|
| 504 |
|
|
|a Res. angl.
|
| 504 |
|
|
|a Bibliogr. odkazy
|
| 650 |
0 |
7 |
|a črevo hrubé
|x nádory
|x liečba
|2 snkbucl
|9 1443271
|
| 650 |
0 |
7 |
|a nádory
|x črevo hrubé
|2 snkbucl
|9 1443272
|
| 650 |
0 |
7 |
|a fluoruracil
|x farmakokinetika
|2 snkbucl
|9 1443273
|
| 650 |
0 |
7 |
|a pentagastrín
|x farmakokinetika
|2 snkbucl
|9 1443274
|
| 650 |
0 |
7 |
|a tamoxifén
|x farmakokinetika
|2 snkbucl
|9 1443275
|
| 650 |
0 |
7 |
|a stanovenie biologické
|x metódy
|x trendy
|x využitie
|2 snkbucl
|9 1072928
|
| 650 |
0 |
7 |
|a myši
|x chirurgia
|x metabolizmus
|2 snkbucl
|9 1443276
|
| 650 |
0 |
7 |
|a fluóruracil
|x aplikácia a dávkovanie
|x farmakokinetika
|x terapeutické použitie
|2 snkbucl
|9 1443277
|
| 650 |
0 |
7 |
|a pentagastrín
|x aplikácia a dávkovanie
|x farmakokinetika
|x terapeutické použitie
|2 snkbucl
|9 1443278
|
| 650 |
0 |
7 |
|a tamoxifén
|x aplikácia a dávkovanie
|x farmakokinetika
|x terapeutické použitie
|2 snkbucl
|9 1443279
|
| 650 |
0 |
7 |
|a nádory hrubého čreva
|x farmakoterapia
|x chirurgia
|2 snkbucl
|9 1443280
|
| 655 |
|
7 |
|a články z novín a časopisov
|2 snkbucl
|9 267496
|
| 773 |
0 |
|
|t Neoplasma
|g Roč. 48, č. 2 (2001), s. 133-138
|x 0028-2685
|
| 850 |
|
|
|a Slovenská národná knižnica
|
| 852 |
|
|
|a Slovenská národná knižnica
|
| 958 |
|
|
|a article27
|
| 958 |
|
|
|a NB
|
| 958 |
|
|
|a MI
|
| 958 |
|
|
|a OND
|
| 958 |
|
|
|a EUIPO
|
| 992 |
|
|
|a RBX
|
| 999 |
|
|
|c 2895884
|d 2897814
|